000 00865 a2200205 4500
001 53372
005 20260407155808.0
008 260407a1974 arg spa d
003 AR-UNSa-BCEJYS
040 _aAR-UNSa-BCEJYS
_bspa
_cAR-UNSa-BCEJYS
080 _a339.5
_xComercio exterior. Comercio Internacional
245 1 0 _aEconomía internacional y desarrollo
264 1 _aBuenos Aires :
_bEdiciones Depalma
_c1974
300 _axxiv, 556 p.
_c22 cm.
505 _a1. Introducción - 2. Instituciones e ideas - 3. Enfoques teóricos - 4. Política económica, comercio exterior y desarrollo - 5. Inversión extranjera y crecimiento económico - 6. Problemas de desarrollo regional - 7. Cooperación iternacional - 8. Un enfoque socio-económico
041 _aspa
942 _cBK
590 _aniveau_biblio:m niveau_hierar:0
100 1 _aDi Marco, Luis Eugenio
999 _c5226
_d5226